000 00296nam a2200121Ia 4500
008 191201s2011 xx 000 0 und d
100 _aGUPTA,J.B.
245 0 _aElectronic Devices and Circuits
260 _aN. delhi
_bKatson
_c2011
300 _a1025
650 _aB.Tech(ECE)
942 _2ddc
_cBK
_03
999 _c6357
_d6357